Informe extraordinario rendido por el C. Presidente de la República ante el Congreso local de Chilpancingo, Gro., el día 20 de febrero de 1940

Detalles Bibliográficos
Formato: Libro
Lenguaje:Spanish
Publicado: México, D.F. : Secretaría de Gobernación. Dirección General de Información, 1940.
Materias:
Colección:Banco de datos
Acervo:Universidad Autónoma Benito Juárez de Oaxaca. Biblioteca Francisco de Burgoa. Colección moderna
Descripción Física:18 p. ; 22 cm.
Tema general:Política
Notas:Portada tipográfica con el escudo nacional mexicano. Texto a renglón seguido con paginación en números arábigos. Encuadernación en papel. Sello en tinta: donación de la Biblioteca Nacional de México
LEADER 00907nam a22001570004500
035 |a 1449 
041 0 |a spa 
245 1 0 |a Informe extraordinario rendido por el C. Presidente de la República ante el Congreso local de Chilpancingo, Gro., el día 20 de febrero de 1940 
260 |a México, D.F. : Secretaría de Gobernación. Dirección General de Información, 1940. 
300 |a 18 p. ; 22 cm.  
500 |a Portada tipográfica con el escudo nacional mexicano. Texto a renglón seguido con paginación en números arábigos. Encuadernación en papel. Sello en tinta: donación de la Biblioteca Nacional de México 
650 1 0 |a Política 
852 |a Universidad Autónoma "Benito Juárez" de Oaxaca, Biblioteca Francisco de Burgoa, Colección moderna 22471  
942 |c BURMOD 
943 |g Universidad Autónoma Benito Juárez de Oaxaca. Biblioteca Francisco de Burgoa. Colección moderna 
999 |c 1125892  |d 1125892